000
00405 a2200133 4500
000
nam a22 7a 4500
100
_a
पुनिया, सुमन
110
_a
पुनिया, सुमन
245
_a
कुण्डलिनी: जागरण की रहस्यमयी शक्ति
250
_a
latest edition
260
_b
indu
_c
2025
264
_b
indu
_c
2025
942
_c
BK
999
_c
396143
_d
396143